2001: NFL Teams with the Least Points - Statistics

General Stats
  • This quiz has been taken 8 times
  • The average score is 8 of 11
Answer Stats
Number of points NFL Team % Correct
226 Cincinnati Bengals
100%
265 Buffalo Bills
88%
270 Detroit Lions
88%
290 Minnesota Vikings
88%
294 New York Giants
88%
253 Carolina Panthers
75%
285 Cleveland Browns
75%
291 Atlanta Falcons
63%
246 Dallas Cowboys
63%
294 Jacksonville Jaguars
63%
256 Washington Redskins
50%
No matching quizzes found
Score Distribution
Percent of People with Each Score
Percentile by Number Answered
Your Score History
You have not taken this quiz